000 00953nas a2200301 4500
001 BR0703368
003 BR-BrBNA
005 20231205110858.0
007 ta
008 230509b bl.|||p| |||| 00| 00por d
040 _aBR-BrBNA
_bpor
_cBiblioteca Nacional de Agricultura
041 _a(Pt)
072 _aQ54; L02; L01
100 1 _aSilva, J.H.V. da
100 1 _aJordão Filho, J.
100 1 _aRibeiro, M.L.G.
100 1 _aSilva, E.L. da
245 1 _aEfeitos da inclusão do farelo de sementes de jaqueira Artocarpus heterophyllus Lam.)na ração sobre a produção, pigmentação da gema e umidade fecal em codornas
650 _aCODORNA
650 _aJACA
650 _aRAÇÃO
650 _aSEMENTE
650 _aOVO
650 _aQUALIDADE
773 0 _tCiência e Agrotecnologia (Brazil)
_xISSN 1413-7054
_g(Mar-Apr 2007), v. 31(2) p. 523-530
_wBR0703368
909 _a202311
_bLúcia
_c55
_dLúcia Elande
942 _2AGRIS
_n0
_cANA
999 _c189566
_d189566